000 00684nam a22001697a 4500
999 _c14728
_d14728
008 191121b ||||| |||| 00| 0 eng d
082 _22019
_aUT 1360
_bP28
100 _aPausta, Dezzie Mae D.
_940653
245 _aEmployees Job Satisfaction and Commitment in Davao del Sur Electric Cooperative,Inc.
_cDezzie Mae D. Pausta, Gina A. CariƱosa and Katherine S. Ranque
260 _aDigos City
_bUMDC
_cMarch 2019
300 _a38 pages;
_c30cm
650 _aBusiness Administration
_vHuman Resource Management
_xUndergraduate Thesis
_940654
700 _a Pausta, Dezzie Mae D.
_940655
700 _aCariƱosa, Gina A.
_940656
700 _a Ranque,Katherine S.
_940657
942 _2ddc
_cUT